[Event "Netanya Open 2019"]
[Site "Netanya"]
[Date "2019.06.23"]
[Round "1.1"]
[White "Korobov, Anton"]
[Black "Slobodiansky, Steven"]
[Result "1-0"]
[WhiteElo "2687"]
[BlackElo "2106"]
[Annotator "TA"]
[PlyCount "43"]
[EventDate "2019.06.23"]
[EventType "swiss"]
[EventCountry "ISR"]
[SourceTitle "playchess.com"]
[Source "ChessBase"]
[SourceQuality "1"]

{[%evp 11,43,18,50,49,44,48,55,43,90,80,113,120,162,120,174,187,201,181,190,189,187,177,606,600,1037,1030,1002,1002,29990,2252,29992,29993,29993,29988]} 1. d4 Nf6 2. c4 e6 3. Nc3 Bb4 4. Qc2 O-O 5. Bg5 d6 6. e3 Nbd7 7. Bd3 {E32: Nimzo-Indian: Classical (4 Qc2): 4...0-0} h6 8. Bh4 e5 (8... Bxc3+ 9. Qxc3 b6 10. Ne2 Bb7 11. O-O Be4 12. f3 Bxd3 13. Qxd3 Re8 14. e4 Nf8 15. Rad1 Ng6 16. Bf2 c6 17. b4 e5 18. dxe5 dxe5 19. a4 Qc7 20. c5 bxc5 21. Bxc5 a5 22. Rb1 {½-½ (22) Vallejo Pons,F (2709)-Tomashevsky,E (2711) Sharjah 2017}) 9. Nge2 {White is slightly better.} Re8 {[#] aiming for ...g5.} 10. O-O Bxc3 11. Nxc3 ({Don't do} 11. Qxc3 b6 $14) 11... Nf8 $146 ({Predecessor:} 11... c6 12. Rad1 Qe7 13. f3 g5 14. Bf2 Kg7 15. e4 {1-0 (23) Shajakhmetov,I (1818)-Davydov,E (2053) Zelenograd 2017}) 12. dxe5 Rxe5 (12... dxe5 $16 13. Rad1 Bd7) 13. f4 $18 Re8 14. Nd5 {Strongly threatening Bxf6.} N8d7 15. Bh7+ Kh8 16. Bf5 g5 $2 (16... Nc5 17. Bxf6 gxf6) 17. Bxd7 Bxd7 18. fxg5 Ne4 19. Rxf7 hxg5 20. Qe2 (20. Qd1 $142 g4 21. Bxd8 Raxd8 22. Ne7 Rxe7 23. Rxe7 Rf8 {[#]} 24. Qd4+ $1 {[%mdl 576] Double Attack} Rf6 25. Rxd7) 20... Kg8 21. Qh5 {[%csl Gf7][%cal Rh5h7]} Bf5 22. Rxf5 {Accuracy: White = 79%, Black = 16%.} 1-0

[Event "Netanya Open 2019"]
[Site "Netanya"]
[Date "2019.06.23"]
[Round "1.2"]
[White "Mizrahi, Ido"]
[Black "Kuzubov, Yuriy"]
[Result "0-1"]
[WhiteElo "2100"]
[BlackElo "2671"]
[Annotator "TA"]
[PlyCount "72"]
[EventDate "2019.06.23"]
[EventType "swiss"]
[EventCountry "ISR"]
[SourceTitle "playchess.com"]
[Source "ChessBase"]
[SourceQuality "1"]

{[%evp 9,76,11,30,31,31,22,26,15,39,19,19,-30,-39,-41,-33,-40,-29,-37,-39,-71,-53,-100,-104,-83,-102,-99,-113,-115,-83,-262,-198,-181,-190,-325,-302,-431,-414,-674,-637,-740,-739,-684,-491,-1163,-1150,-1403,-1272,-1707,-1162,-1072,-953,-877,-510,-509,-508,-488,-488,-541,-535,-922,-917,-879,-842,-29994,-29994,-29995,-29996,-29996,-29997]} 1. c4 e5 2. g3 Nc6 3. Nc3 Bc5 4. Bg2 d6 5. e3 a6 6. Nge2 {A25: English Opening vs King's Indian with ...Nc6 but without early d3} h5 7. d4 Ba7 8. h3 {White has an edge.} h4 9. d5 $146 ({Predecessor:} 9. g4 f5 10. dxe5 fxg4 11. exd6 gxh3 12. Bxh3 Bxh3 13. Rxh3 {0-1 (40) Gajewski,G (2634)-Ragger,M (2680) Chartres 2017}) 9... Nce7 10. e4 hxg3 11. fxg3 c6 12. Qd3 cxd5 13. cxd5 b5 14. b4 Bd7 15. Be3 Bxe3 16. Qxe3 a5 17. bxa5 Qxa5 18. Qd2 Nf6 19. g4 $2 (19. Rb1 $17 {was necessary.}) 19... b4 20. Nd1 Bb5 21. Nc1 (21. Rb1 {might work better.}) 21... Ng6 $19 22. Nb3 (22. Rb1 {is a better defense.} Nh4 23. Kf2) 22... Qa6 23. Nb2 (23. Kf2 $142) 23... Nf4 24. Bf3 Rc8 25. g5 Nd7 {[#] aiming for ...Rc3.} 26. Kf2 (26. Rc1 $142 Rxc1+ 27. Nxc1) 26... Rc3 27. Rac1 Qa7+ 28. Kg3 Ne2+ 29. Kg2 Nxc1 30. Rxc1 Qc7 31. Nd1 Rxc1 32. Nxc1 O-O 33. Nb3 Ra8 34. Qxb4 Rxa2+ 35. Kg3 Qb6 36. Nc3 Qf2+ 0-1

[Event "Netanya Open 2019"]
[Site "Netanya"]
[Date "2019.06.23"]
[Round "1.3"]
[White "Moiseenko, Alexander"]
[Black "Brenner, Moshe"]
[Result "1-0"]
[WhiteElo "2642"]
[BlackElo "2098"]
[Annotator "TA"]
[PlyCount "85"]
[EventDate "2019.06.23"]
[EventType "swiss"]
[EventCountry "ISR"]
[SourceTitle "playchess.com"]
[Source "ChessBase"]
[SourceQuality "1"]

{[%evp 16,85,58,53,72,30,51,36,58,18,83,75,132,133,206,232,222,213,214,198,185,173,169,173,168,160,204,169,162,142,145,67,156,149,230,230,116,108,190,179,432,422,390,388,505,504,702,697,656,683,679,645,651,647,602,577,666,497,791,603,993,968,5081,5081,3041,3120,12831,4818,6278,6270,6270,6213]} 1. d4 Nf6 2. c4 g6 3. Nc3 d5 4. Bg5 Ne4 5. Bh4 Nxc3 6. bxc3 c6 7. e3 Bg7 8. Nf3 O-O 9. Qb3 b6 {D91: Grünfeld: 4 Nf3 Bg7 5 Bg5} 10. Be2 Ba6 11. O-O Re8 $146 {White is slightly better.} ({Predecessor:} 11... Nd7 12. Qa3 Qc8 13. Bxe7 Re8 14. Bh4 Bxc4 15. Bxc4 dxc4 16. Rfe1 c5 17. Rad1 {1-0 (30) Urkedal,F (2572)-Rueda Kjeldsen,J (1988) Drammen 2018}) 12. Rfe1 Bb7 (12... Bxc4 $11 {remains equal.} 13. Bxc4 dxc4 14. Qxc4 Qd5) 13. a4 $16 {[%cal Ba2a4,Ba4a5,Ba5a6][%mdl 32]} Qc8 (13... Ba6 $142) 14. a5 Nd7 (14... e6 $16 {was called for.}) 15. cxd5 $18 cxd5 16. a6 Bc6 17. c4 e6 18. Rec1 Qb8 19. Qc2 dxc4 20. Qxc4 Bd5 21. Qa4 Nf6 22. Ne5 Qd6 23. Bg3 (23. Nc6 $16) 23... Qe7 (23... Ne4 $1 $14) 24. Nc6 $16 Qd7 {[#]} (24... Qf8 $16) 25. Bb5 $1 $18 Rec8 26. f3 Nh5 (26... Bh6 $16) 27. Bh4 $36 {[%mdl 2048] Threatens to win with Ne7+. White is in control.} f6 $2 (27... Bf6) 28. e4 Bxc6 29. Bxc6 ({Weaker is} 29. Rxc6 Qe7 $18) 29... Rxc6 30. Qxc6 {White is clearly winning.} (30. Rxc6 $2 {perishes.} b5 $19) 30... Qxd4+ 31. Bf2 Qd8 32. Qxe6+ Kh8 33. Rd1 Qf8 34. Qd6 f5 {Hoping for ...Qxd6.} 35. Qxf8+ Rxf8 36. Bd4 fxe4 (36... Rf7 $142 37. Ra4 fxe4 38. Bxb6 Bf8) 37. Bxg7+ Kxg7 {[%mdl 4096] Endgame KRR-KRN} 38. Rd7+ {[%mdl 64] Double Attack} Rf7 39. Rxf7+ Kxf7 40. Rc1 Nf6 41. Rc7+ Ke6 42. Rxa7 Nd7 {[#]} 43. Rb7 {Played: Ra7xd7} 1-0

[Event "Netanya Open 2019"]
[Site "Netanya"]
[Date "2019.06.23"]
[Round "1.4"]
[White "Nissim, Yonatan"]
[Black "Parligras, Mircea-Emilian"]
[Result "0-1"]
[WhiteElo "2082"]
[BlackElo "2638"]
[Annotator "TA"]
[PlyCount "52"]
[EventDate "2019.06.23"]
[EventType "swiss"]
[EventCountry "ISR"]
[SourceTitle "playchess.com"]
[Source "ChessBase"]
[SourceQuality "1"]

{[%evp 13,52,12,12,9,24,15,33,15,22,0,0,0,10,16,14,8,0,0,0,-33,-17,-183,-136,-165,-167,-270,-277,-285,-250,-421,-420,-407,-406,-415,-405,-427,-424,-539,-542,-635,-620]} 1. d4 Nf6 2. c4 e6 3. Nc3 Bb4 4. Qc2 d5 5. cxd5 exd5 6. Bg5 c5 $146 ({Predecessor:} 6... h6 7. Bh4 c5 {1-0 (41) Kasparov,G (2812)-Le,Q (2739) Saint Louis 2017}) 7. dxc5 h6 8. Bh4 {E35: Nimzo-Indian: Classical: 4...d5 5 cxd5 exd5} O-O 9. e3 Be6 10. Nf3 {White is slightly better.} Nbd7 11. a3 Bxc3+ 12. Qxc3 {Threatening Bd3.} g5 $1 {Strongly threatening ...Ne4.} 13. Bg3 Ne4 14. Qc2 Ndxc5 {[%cal Bd7c5,Bc5a4,Ba4c3,Bc3e2][%mdl 32]} 15. Nd4 {f3 is the strong threat.} Rc8 16. Be2 Bd7 $36 {[%mdl 2048] Black has the initiative.} 17. b3 $2 (17. f3 $11 {and White has nothing to worry.} Ne6 18. Nxe6 Bxe6 19. Qd3 Nxg3 20. hxg3) 17... Qe7 {White must now prevent ...f5.} 18. O-O f5 $1 {[%cal Rf5f4] Hoping for ...f4.} 19. Nf3 {[#]} (19. b4 {was necessary.} Na4 20. Qd3) 19... Na4 $1 $19 20. Qd3 {[#]} Nac3 $1 {And now ...Bb5 would win.} 21. a4 $2 (21. Nd4 {was the only chance.}) 21... f4 22. exf4 Nxg3 23. fxg3 Bf5 ({Don't take} 23... Nxe2+ 24. Kh1 $19) 24. Qd2 Qxe2 {Black is clearly winning.} 25. Qxe2 Nxe2+ 26. Kf2 Rc2 {Accuracy: White = 22%, Black = 100%.} 0-1

[Event "Netanya Open 2019"]
[Site "Netanya"]
[Date "2019.06.23"]
[Round "1.5"]
[White "Efimenko, Zahar"]
[Black "Sokolovsky, Yahli"]
[Result "1-0"]
[WhiteElo "2632"]
[BlackElo "2074"]
[Annotator "TA"]
[PlyCount "93"]
[EventDate "2019.06.23"]
[EventType "swiss"]
[EventCountry "ISR"]
[SourceTitle "playchess.com"]
[Source "ChessBase"]
[SourceQuality "1"]

{[%evp 15,93,12,10,0,3,-10,3,-18,0,0,7,6,8,7,-3,0,28,19,29,32,77,69,54,53,74,72,102,92,127,110,95,96,88,68,105,100,110,92,94,92,102,61,63,69,77,48,51,46,79,67,75,49,63,71,66,48,61,41,55,23,87,35,570,564,554,539,609,599,704,697,883,817,29970,29967,5461,842,1132,905,6127,572]} 1. e4 c5 2. Nc3 d6 3. Nge2 Nf6 4. g3 Nc6 5. Bg2 g6 6. d3 Bg7 7. h3 O-O 8. O-O Rb8 9. a4 {B25: Closed Sicilian: 3 g3, lines without early Be3} (9. f4 Bd7 10. Be3 b5 11. a3 a5 12. a4 b4 13. Nb5 Ne8 14. Rb1 Nc7 15. c4 Nxb5 16. axb5 Nd4 17. Nxd4 cxd4 18. Bd2 e5 19. f5 {0-1 (53) Demchenko,A (2679)-Jones,G (2682) St Petersburg 2018}) 9... b6 10. Be3 Bb7 11. Qd2 {The position is equal.} Qd7 $146 ({Predecessor:} 11... Nb4 12. d4 cxd4 13. Nxd4 a5 14. Rad1 d5 15. Ndb5 Nxe4 16. Bxe4 dxe4 17. Qxd8 Rfxd8 18. Bxb6 Rxd1 19. Rxd1 Nxc2 20. Bxa5 {½-½ (44) Nguyen,P (2055)-Ngo,T (2083) Ho Chi Minh City 2014}) 12. Bh6 Ne8 13. Bxg7 Nxg7 14. d4 cxd4 15. Nxd4 Rbc8 16. Rfe1 Ne5 17. b3 Ne6 18. Nde2 Nc6 19. Nd5 Ba6 {White should prevent ...Bxe2.} 20. c4 Na5 21. Qc3 Nc7 22. Rad1 f6 23. Rd2 Bb7 24. Red1 Nc6 25. f4 Nd8 26. Kh2 f5 27. Qe3 fxe4 28. Bxe4 Nxd5 29. Bxd5+ Bxd5 30. Rxd5 (30. cxd5 {keeps more tension.} Re8 31. Qf3 Qb7 32. Rf1 Rf8 33. h4) 30... Qe6 31. Qf3 Nc6 32. Nc3 Rf5 33. R1d2 Qf7 34. Rxf5 Qxf5 35. Nd5 Qf7 36. Qe4 e5 37. Kg2 Re8 (37... Rf8 $11) 38. Rf2 (38. g4 $16) 38... Nd4 $2 {[%mdl 8192]} (38... Rf8 $14) 39. fxe5 $18 {[%mdl 64] Discovered Attack} Nf5 40. g4 Rxe5 {[#]} 41. Qd3 $1 {[%mdl 64] Pin} Nh4+ 42. Kg3 Qg7 {Black hopes to continue with ...g5.} 43. Kxh4 Re1 44. Nf6+ {[%mdl 64] Discovered Attack} Kh8 45. Kg3 {White is clearly winning.} Qh6 46. Nd5 Qc1 47. Qc3+ {Accuracy: White = 57%, Black = 41%.} 1-0

[Event "Netanya Open 2019"]
[Site "Netanya"]
[Date "2019.06.23"]
[Round "1.6"]
[White "Parnes, Nadav"]
[Black "Roiz, Michael"]
[Result "0-1"]
[WhiteElo "2066"]
[BlackElo "2603"]
[Annotator "TA"]
[PlyCount "78"]
[EventDate "2019.06.23"]
[EventType "swiss"]
[EventCountry "ISR"]
[SourceTitle "playchess.com"]
[Source "ChessBase"]
[SourceQuality "1"]

{[%evp 9,124,27,16,2,3,14,8,-4,-9,-10,-10,-22,-17,-25,-17,-31,-36,-56,-56,-60,-56,-92,-80,-113,-78,-175,-170,-208,-164,-141,-68,-208,-204,-163,-77,-96,-86,-77,-95,-102,-112,-127,-66,-138,-34,-37,-22,-12,0,-55,-68,-68,-68,-67,-45,-57,-37,-50,0,-45,-49,-38,-12,-109,-112,-118,-106,-162,-121,-100,-94,-180,-167,-285,-287,-267,-281,-264,-257,-224,0,-292,-290,-443,-447,-438,-441,-445,-434,-416,-315,-263,-236,-226,-237,-233,-193,-235,-233,-503,-485,-1047,-1094,-1079,-249,-205,0,-1073,-1054,-1008,-984,-1011,-977,-1234,-433,-377,-269]} 1. Nf3 Nf6 2. g3 b5 3. Bg2 Bb7 4. O-O e6 5. d3 Be7 6. Nbd2 {A05: Réti Opening: 1 Nf3 Nf6} (6. e4 d6 7. Nfd2 e5 8. a4 a6 9. Nc3 c6 10. f4 Nbd7 11. Nf3 O-O 12. h3 Qc7 13. g4 Ne8 14. Ne2 exf4 15. Bxf4 {0-1 (45) Grischuk,A (2771)-Maghsoodloo,P (2688) St Petersburg 2018}) 6... O-O 7. e4 d6 8. c3 {The position is equal.} c5 9. Qe2 Nc6 10. Ng5 $146 ({Predecessor:} 10. Rd1 Qb6 11. Nf1 a5 12. h3 a4 {0-1 (48) Vooremaa,A (2303)-Seeman,T (2441) Parnu 2002}) 10... Nd7 11. Nh3 b4 $36 {[%mdl 2048] Black has the initiative.} 12. Nc4 Nb6 13. Nxb6 axb6 14. f4 b5 15. Bd2 bxc3 16. bxc3 Ra3 17. f5 (17. Rfb1 $17) 17... exf5 $1 $19 18. exf5 Bf6 19. Qh5 g6 (19... Qa8 $17 20. Nf2 Ne5 21. Bxb7 Qxb7) 20. Qd1 ({White should play} 20. Qh6 $15 Bg7 21. Qf4 gxf5 22. Qxf5) 20... b4 $1 ({Don't go for} 20... Bxc3 $2 21. Bxc3 Rxc3 22. fxg6 $18) 21. Bh6 Rxc3 (21... Bxc3 $19 {Hoping for ...Bd4+.} 22. Bxf8 Kxf8 23. fxg6 Bd4+ 24. Kh1 hxg6) 22. fxg6 hxg6 {And now ...Bd4+ would win.} 23. Bxf8 Kxf8 24. Qd2 {Qh6+ is the strong threat.} Kg7 $1 {[%mdl 1024] Black has strong compensation.} 25. Bd5 Qe7 (25... Bc8 $17 26. Nf4 Bd4+ 27. Kh1 Ne5) 26. Qg2 (26. Nf4 $1 $15) 26... Nd8 (26... Rxd3 $17 27. Nf4 Rxd5 28. Nxd5 Bd4+ 29. Kh1 Qe6) 27. Nf4 $15 Be5 28. Rae1 Ra3 29. Bxb7 ({Better is} 29. h4 $11) 29... Qxb7 30. Re2 Qxg2+ 31. Kxg2 Nc6 32. Rd2 Bc3 33. Re2 Be5 34. Rd2 $1 Nd4 35. g4 f5 36. h3 {[#]} (36. gxf5 $11 {remains equal.} gxf5 37. Ne2) 36... g5 $1 $17 37. Nd5 f4 38. Kf2 (38. h4 $17 {was necessary.}) 38... Ra8 39. Rh1 Nc6 {Played: Ra8-h8} 0-1

[Event "Netanya Open 2019"]
[Site "Netanya"]
[Date "2019.06.23"]
[Round "1.7"]
[White "Zubov, Alexander"]
[Black "Levin, Guy"]
[Result "1-0"]
[WhiteElo "2597"]
[BlackElo "2054"]
[Annotator "RC"]
[PlyCount "75"]
[EventDate "2019.06.23"]
[EventType "swiss"]
[EventCountry "ISR"]
[SourceTitle "playchess.com"]
[Source "ChessBase"]
[SourceQuality "1"]
[TimeControl "40/5400+30:1800+30"]

1. e4 {[%emt 0:00:00]} c5 {[%emt 0:00:00]} 2. Nf3 {[%emt 0:00:02]} d6 {[%emt 0:00:00]} 3. Bc4 {[%emt 0:01:16]} Nf6 {[%emt 0:00:20]} 4. d3 {[%emt 0:00:14]} Nc6 {[%emt 0:01:05]} 5. c3 {[%emt 0:00:36]} g6 {[%emt 0:03:27]} 6. O-O {[%emt 0:01:39]} Bg7 {[%emt 0:00:51]} 7. Re1 {[%emt 0:01:06]} O-O {[%emt 0:05:33]} 8. Nbd2 {[%emt 0:01:25]} e5 {[%emt 0:05:44]} 9. Nf1 {[%emt 0:02:53]} Be6 {[%emt 0:01:58]} 10. Ng3 {[%emt 0:04:23]} Na5 {[%emt 0:12:10]} 11. Bxe6 {[%emt 0:05:59]} fxe6 {[%emt 0:02:36]} 12. Be3 {[%emt 0:01:07]} Qd7 {[%emt 0:04:28]} 13. h3 {[%emt 0:01:27]} b5 {[%emt 0:15:38]} 14. a4 {[%emt 0:08:14]} Rab8 {[%emt 0:06:25]} 15. axb5 {[%emt 0:02:32]} Qxb5 {[%emt 0:00:52]} 16. b4 {[%emt 0:14:34]} Nb7 {[%emt 0:03:38]} 17. Qa4 {[%emt 0:12:55]} Qxd3 {[%emt 0:05:58]} 18. b5 {[%emt 0:03:00]} c4 {[%emt 0:11:23]} 19. Bxa7 {[%emt 0:02:28]} Ra8 {[%emt 0:01:18]} 20. Re3 {[%emt 0:00:54]} Nc5 {[%emt 0:00:54]} 21. Qa2 {[%emt 0:00:38]} Rxa7 {[%emt 0:01:25]} 22. Qxa7 {[%emt 0:00:07]} Qc2 {[%emt 0:00:17]} 23. Qa2 {[%emt 0:09:17]} Qxa2 {[%emt 0:00:31]} 24. Rxa2 {[%emt 0:00:02]} Rb8 {[%emt 0:00:23]} 25. Nd2 {[%emt 0:03:14]} Bh6 {[%emt 0:01:42]} 26. Re1 {[%emt 0:01:47]} Nd3 {[%emt 0:03:22]} 27. Rb1 {[%emt 0:00:42]} d5 {[%emt 0:00:25]} 28. Ndf1 {[%emt 0:12:04]} Nc5 {[%emt 0:01:34]} 29. exd5 {[%emt 0:00:47]} exd5 {[%emt 0:01:23]} 30. Ne3 {[%emt 0:00:30]} Nb3 {[%emt 0:03:21]} 31. Ra6 {[%emt 0:01:26]} Bg5 {[%emt 0:01:49]} 32. Rxf6 {[%emt 0:03:00]} Bxf6 {[%emt 0:00:14]} 33. Nxd5 {[%emt 0:00:02]} Bd8 {[%emt 0:02:37]} 34. Ne3 {[%emt 0:00:25]} Rxb5 {[%emt 0:00:32]} 35. Nxc4 {[%emt 0:00:33]} Nd4 {[%emt 0:02:06]} 36. Rd1 {[%emt 0:00:45]} Nc6 {[%emt 0:00:01]} 37. Rd6 {[%emt 0:00:53]} Rc5 {[%emt 0:00:01]} 38. Nxe5 {[%emt 0:00:13]} 1-0

[Event "Netanya Open 2019"]
[Site "Netanya"]
[Date "2019.06.23"]
[Round "1.8"]
[White "Ben Ari, Yannay"]
[Black "Huzman, Alexander"]
[Result "0-1"]
[WhiteElo "2053"]
[BlackElo "2588"]
[Annotator "ChessBase"]
[PlyCount "66"]
[EventDate "2019.06.23"]
[EventType "swiss"]
[EventCountry "ISR"]
[SourceTitle "playchess.com"]
[Source "ChessBase"]
[SourceQuality "1"]
[TimeControl "40/5400+30:1800+30"]

1. e4 {[%emt 0:00:00]} c5 {[%emt 0:00:03]} 2. Nc3 {[%emt 0:00:00]} Nc6 {[%emt 0:00:28]} 3. g3 {[%emt 0:00:00]} g6 {[%emt 0:00:36]} 4. Bg2 {[%emt 0:00:00]} Bg7 {[%emt 0:00:14]} 5. Nge2 {[%emt 0:00:20]} e6 {[%emt 0:02:15]} 6. O-O {[%emt 0:00:26]} Nge7 {[%emt 0:00:54]} 7. d3 {[%emt 0:00:41]} d6 {[%emt 0:03:35]} 8. a3 {[%emt 0:02:29]} b6 {[%emt 0:03:13]} 9. Be3 {[%emt 0:03:10]} O-O {[%emt 0:04:44]} 10. Rb1 {[%emt 0:20:55]} Bb7 {[%emt 0:11:02]} 11. Qd2 {[%emt 0:02:40]} Nd4 {[%emt 0:02:26]} 12. b4 {[%emt 0:02:22]} Qd7 {[%emt 0:01:36]} 13. Nd1 {[%emt 0:18:19]} e5 {[%emt 0:10:14]} 14. c4 {[%emt 0:07:24]} f5 {[%emt 0:09:57]} 15. Ndc3 {[%emt 0:05:47]} Rac8 {[%emt 0:07:04]} 16. f3 {[%emt 0:05:38]} Kh8 {[%emt 0:02:42]} 17. b5 {[%emt 0:07:58]} Rf7 {[%emt 0:03:18]} 18. a4 {[%emt 0:02:17]} Rcf8 {[%emt 0:04:09]} 19. Bxd4 {[%emt 0:00:27]} cxd4 {[%emt 0:01:04]} 20. Nd5 {[%emt 0:00:10]} f4 {[%emt 0:00:08]} 21. Nxe7 {[%emt 0:05:54]} Qxe7 {[%emt 0:03:08]} 22. g4 {[%emt 0:00:20]} Bc8 {[%emt 0:00:12]} 23. Rf2 {[%emt 0:05:11]} Bf6 {[%emt 0:01:58]} 24. Bf1 {[%emt 0:00:24]} Bh4 {[%emt 0:01:23]} 25. Rg2 {[%emt 0:00:05]} h5 {[%emt 0:00:10]} 26. h3 {[%emt 0:02:06]} Rh7 {[%emt 0:02:35]} 27. Rb2 {[%emt 0:02:26]} Kg7 {[%emt 0:03:52]} 28. a5 {[%emt 0:05:21]} hxg4 {[%emt 0:04:58]} 29. hxg4 {[%emt 0:00:03]} Rfh8 {[%emt 0:00:02]} 30. axb6 {[%emt 0:00:28]} axb6 {[%emt 0:01:38]} 31. Ra2 {[%emt 0:00:10]} g5 {[%emt 0:04:52]} 32. Ra8 {[%emt 0:00:53]} Kg6 {[%emt 0:00:25]} 33. Qa2 {[%emt 0:00:25]} Be1 {[%emt 0:00:22]} 0-1

[Event "Netanya Open 2019"]
[Site "Netanya"]
[Date "2019.06.23"]
[Round "1.9"]
[White "Antipov, Mikhail Al."]
[Black "Zhimalov, Adam"]
[Result "1-0"]
[WhiteElo "2582"]
[BlackElo "2044"]
[Annotator "TA"]
[PlyCount "49"]
[EventDate "2019.06.23"]
[EventType "swiss"]
[EventCountry "ISR"]
[SourceTitle "playchess.com"]
[Source "ChessBase"]
[SourceQuality "1"]

{[%evp 15,49,19,65,51,59,43,35,52,67,67,81,101,110,106,79,96,150,132,455,443,445,434,414,406,609,490,960,920,1497,1515,1498,1491,2071,2068,4482,3591]} 1. e4 c5 2. Nf3 d6 3. d4 cxd4 4. Nxd4 Nf6 5. Nc3 a6 6. h3 e6 7. g4 h6 8. Bg2 g5 9. b3 {B81: Sicilian Scheveningen: Keres Attack} Nbd7 10. Bb2 Ne5 11. Qd2 {White is slightly better.} Nfd7 (11... Be7 12. O-O-O Bd7 13. Nce2 b5 14. f4 gxf4 15. Nxf4 a5 16. Rhe1 {0-1 (37) Grischuk,A (2766)-Duda,J (2737) chess.com INT 2018}) 12. O-O-O Be7 13. Kb1 Qa5 $146 ({Predecessor:} 13... b6 14. h4 Rg8 15. hxg5 hxg5 16. f3 Bb7 {0-1 (43) Keetman,M (2232)-Warmerdam,M (2350) Basel 2017}) 14. f4 gxf4 15. Qxf4 Rh7 (15... Qc7 $142) 16. h4 b6 $2 {[%mdl 8192] [#]} (16... b5 $16 {is more resistant.}) 17. Nf5 $1 $18 {[%mdl 512]} Qc5 ({Don't play} 17... exf5 18. exf5 Qc5 19. Bxa8) 18. Nxe7 Kxe7 19. Rd2 f6 (19... b5 $142 20. Rhd1 Rb8 21. Rxd6 Qxd6) 20. Rhd1 {White is clearly winning.} Nf7 (20... b5 $142 21. g5 Rg7 22. gxf6+ Nxf6 23. Nd5+ exd5 24. Bxe5 dxe5 25. Qxe5+ {[%mdl 64] Double Attack} Kf7) 21. e5 {[%mdl 64] Discovered Attack} Ra7 22. exd6+ Kf8 23. Ne4 Qa5 24. Nxf6 Nxf6 25. Qxf6 {Accuracy: White = 85%, Black = 15%.} 1-0

[Event "Netanya Open 2019"]
[Site "Netanya"]
[Date "2019.06.23"]
[Round "1.10"]
[White "Freidles, Victor"]
[Black "Mikhalevski, Victor"]
[Result "0-1"]
[WhiteElo "2040"]
[BlackElo "2579"]
[Annotator "TA"]
[PlyCount "38"]
[EventDate "2019.06.23"]
[EventType "swiss"]
[EventCountry "ISR"]
[SourceTitle "playchess.com"]
[Source "ChessBase"]
[SourceQuality "1"]

{[%evp 9,38,46,42,43,40,36,32,12,20,25,37,33,27,22,28,22,50,53,74,44,26,-4,44,-272,-259,-402,-390,-481,-477,-474,-453]} 1. e4 e5 2. Nf3 Nc6 3. Bb5 g6 4. c3 a6 5. Ba4 Bg7 6. d4 {C70: Ruy Lopez: 3...a6 4 Ba4, Norwegian and Delayed Schliemann} exd4 7. cxd4 b5 8. d5 {White is slightly better.} bxa4 9. dxc6 Ne7 10. Qxa4 Nxc6 11. O-O O-O 12. Nc3 h6 $146 ({Predecessor:} 12... Rb8 13. Bg5 f6 {0-1 (27) Hou,Y (2658)-Ponomariov,R (2686) Shenzhen 2018}) 13. Bf4 Ne7 14. Rfd1 d6 15. e5 {[%cal Re5d6]} d5 16. Ne4 $2 {[%mdl 8192] [#]} (16. h3 $14 {keeps the upper hand.}) 16... Bd7 $19 17. Qa3 (17. Qc2 {is a better defense.} dxe4 18. Qxe4) 17... dxe4 18. Rd2 {White hopes to continue with Rad1.} Qe8 ({Resist} 18... exf3 19. Rad1 $19) 19. Rad1 Bg4 {[%mdl 64] Pin. Accuracy: White = 21%, Black = 61%.} ({Don't do} 19... exf3 20. Rxd7 Nc6 21. Rxc7 $19) 0-1